00969nam a2200253Ia 4500001000900000003000500009005001700014008004100031010001100072040000900083082001900092100002500111245015100136260002900287300001100316500016000327504003000487650004100517650003500558650003800593650002600631650002400657650003400681dia_3377CHAP20230331094202.0220117s1960 xx 000 0 und d a173844 cCHAP a338.1 F73 1960 aFreebairn, Donald K. aMetodología de la investigación en economía agrícola : con especial referencia a la economía de la producción /c Donald K. Freebairn aMéxico :b ENA,c1960 a100 p. aEn portada: "Conferencias dictadas por Donald K. Freebairn en el Primer Curso Nacional Intensivo sobre Economía Agrícola del 10 al 30 de enero de 1960" aBibliografía: p. 98-100 aAgriculturaxAspectos económicos  aAgriculturaxInvestigaciones  aAgriculturexEconomical aspects  aAgriculturexResearch aEconomic research  aInvestigación económica